Khi người đàn bà vào hang đá
Gespeichert in:
| 1. Verfasser: | |
|---|---|
| Format: | Buch |
| Sprache: | Undetermined |
| Veröffentlicht: |
Tp. HCM
Văn nghệ
1982
|
| Schlagworte: | |
| Tags: |
Tag hinzufügen
Keine Tags, Fügen Sie den ersten Tag hinzu!
|
| Thư viện lưu trữ: | Trung tâm Học liệu Trường Đại học Cần Thơ |
|---|
| LEADER | 00528nam a2200169Ia 4500 | ||
|---|---|---|---|
| 001 | CTU_9298 | ||
| 008 | 210402s9999 xx 000 0 und d | ||
| 082 | |a 895.922308 | ||
| 082 | |b Th107k | ||
| 100 | |a Huỳnh Bá Thành | ||
| 245 | 0 | |a Khi người đàn bà vào hang đá | |
| 245 | 0 | |c Huỳnh Bá Thành | |
| 260 | |a Tp. HCM | ||
| 260 | |b Văn nghệ | ||
| 260 | |c 1982 | ||
| 650 | |a detective and mystery stories, vietnamese,short stories, vietnamese | ||
| 980 | |a Trung tâm Học liệu Trường Đại học Cần Thơ | ||